00450nam a2200133Ia 4500008004100000082001600041100002900057245003100086260005800117300001700175942000700192999001900199952009800218230907s9999||||xx |||||||||||||| ||und|| a320.95bHUA aHuang, Xiaoming.9115662 0aPolitics in Pacific Asia : aPalgrave Macmillan,bBasingstoke ; | New York :c2009 axv, 272 p. : cBK c599089d599089 00104070aCAS-EbCAS-Ed2019-08-17l0o320.95 HUApCAS-E0003188r2023-09-12w2023-09-12yBK